000 00311nam a2200133Ia 4500
100 _aParzen Emanuel
942 _cBK
654 _aProbablity Theory
245 _aModern Probablity theory & its Applications
260 _bWiley Eastern Pvt. Ltd
_c2001
082 _a519.2
300 _a464
546 _aENGLISH
999 _c21831
_d21831